000 00500nam a2200169Ia 4500
003 GCL
008 140319s9999 xx 000 0 ara d
040 _aGCL /
_cGCL
082 0 4 _aط
_b813.0876
_bم ج
100 1 _aمحمد فهد ابراهيم
245 1 0 _aحكاية نحلة /
_cمحمد فهد ابراهيم
490 _aمن اقاصيص الطبيعة
_v0
650 0 4 _aقصص الاطفال
650 0 4 _aادب الاطفال
650 0 4 _aالقصص العلمية
942 _2ddc
_cBK
999 _c51098
_d51098